| 000 | 00423nam a2200169 a 4500 | ||
|---|---|---|---|
| 001 | 14503 | ||
| 005 | 20180713203012.0 | ||
| 008 | 140415s1993 mx 000 0 spa d | ||
| 041 | _aspa | ||
| 082 |
_a616.85842 _bGAR |
||
| 100 | 1 | _aGARCIA ESCAMILLA, SILVIA | |
| 245 | 1 | 3 | _aEL NIÑO CON SINDROME DE DOWN |
| 250 | _a1a ed. | ||
| 260 |
_aMEXICO : _bDIANA, _c1993 |
||
| 300 | _a242 | ||
| 650 | 1 | 4 | _aMONGOLISMO |
| 999 |
_c14503 _d14503 |
||